Расы и народы (Запись № 13653614)
[ простой вид ]
| 000 -МАРКЕР | |
|---|---|
| контрольное поле | 02048nam0a2200421 4500 |
| 001 - ИДЕНТИФИКАТОР ЗАПИСИ | |
| контрольное поле | RU\NLR\BIBL_A\022715901 |
| 005 - ИДЕНТИФИКАТОР ВЕРСИИ | |
| контрольное поле | 20260412094942.0 |
| 010 ## - МЕЖДУНАРОДНЫЙ СТАНДАРТНЫЙ НОМЕР КНИГИ (ISBN) | |
| Номер (ISBN) | 978-5-9524-6455-1 |
| 035 ## - ДРУГИЕ СИСТЕМНЫЕ НОМЕРА | |
| Идентификатор записи | (NLR Aleph) 022715901 |
| 100 ## - ДАННЫЕ ОБЩЕЙ ОБРАБОТКИ | |
| Данные общей обработки | 20260203d2025 k y0rusy50 ca |
| 101 1# - ЯЗЫК РЕСУРСА | |
| Язык текста, звукозаписи и т.д. | русский |
| Язык оригинала | английский |
| 102 ## - СТРАНА ПУБЛИКАЦИИ ИЛИ ПРОИЗВОДСТВА | |
| Страна публикации | российская федерация |
| 105 ## - ПОЛЕ КОДИРОВАННЫХ ДАННЫХ: ТЕКСТОВЫЕ МАТЕРИАЛЫ, МОНОГРАФИЧЕСКИЕ | |
| Кодированные данные о монографическом текстовом документе | ab z 000zy |
| 181 #0 - ПОЛЕ КОДИРОВАННЫХ ДАННЫХ: ВИД СОДЕРЖАНИЯ | |
| Код вида содержания (ISBD) | i3 |
| Код характеристики содержания (ISBD) | axxe |
| 182 #0 - ПОЛЕ КОДИРОВАННЫХ ДАННЫХ: ТИП СРЕДСТВА | |
| Код типа средства (ISBD) | n - непосредственное |
| 200 1# - ЗАГЛАВИЕ И СВЕДЕНИЯ ОБ ОТВЕТСТВЕННОСТИ | |
| Основное заглавие | Расы и народы |
| Параллельное заглавие | Races and people |
| Сведения, относящиеся к заглавию | ген, мутация и эволюция человека |
| Первые сведения об ответственности | Айзек Азимов, Уильям Бойд |
| Последующие сведения об ответственности | пер. с англ. А.Н. Зотина |
| Язык параллельного заглавия | английский |
| 203 ## - ВИД СОДЕРЖАНИЯ И ТИП СРЕДСТВА | |
| Вид содержания | Текст |
| Дополнительные сведения об издании | визуальный |
| Тип средства | непосредственный |
| 210 ## - ПУБЛИКАЦИЯ, РАСПРОСТРАНЕНИЕ И ДР. | |
| Место издания, распространения и т.д. | Москва |
| Имя издателя, распространителя и т. д. | Центрполиграф |
| Дата издания, распространения и т.д. | [2025] |
| 215 ## - ФИЗИЧЕСКАЯ ХАРАКТЕРИСТИКА | |
| Специфическое обозначение материала и объем | 205, [1] с. |
| Другие сведения о физической характеристике | ил., карт. |
| Размеры | 18 |
| 225 1# - СЕРИЯ | |
| Основное заглавие серии | Научно-популярная библиотека |
| 300 ## - ОБЩИЕ ПРИМЕЧАНИЯ | |
| Текст примечания | Авт. также на англ. яз.: Isaac Asimov, William C. Boyd |
| 300 ## - ОБЩИЕ ПРИМЕЧАНИЯ | |
| Текст примечания | На обл. и авантит. указан только 1-й авт. |
| 300 ## - ОБЩИЕ ПРИМЕЧАНИЯ | |
| Текст примечания | Год изд. дан по штампу Книжной палаты |
| 333 ## - ПРИМЕЧАНИЯ ОБ ОСОБЕННОСТЯХ РАСПРОСТРАНЕНИЯ И ИСПОЛЬЗОВАНИЯ | |
| Текст примечания | 16+ |
| 510 1# - ПАРАЛЛЕЛЬНОЕ ЗАГЛАВИЕ | |
| Связь между полями | z01790 |
| Параллельное заглавие | Races and people |
| Язык заглавия | английский |
| 606 1# - НАИМЕНОВАНИЕ ТЕМЫ КАК ПРЕДМЕТ | |
| Наименование темы | Расы |
| Формальный подзаголовок | Популярные издания |
| Тематический подзаголовок | Генетические исследования |
| Системный номер авторитетной/нормативной записи | 1500168 |
| Идентификатор авторитетной/нормативной записи | RU\NLR\AUTH\66952221 |
| 606 1# - НАИМЕНОВАНИЕ ТЕМЫ КАК ПРЕДМЕТ | |
| Наименование темы | Человек |
| Формальный подзаголовок | Популярные издания |
| Тематический подзаголовок | Генетика популяций |
| Системный номер авторитетной/нормативной записи | 1743340 |
| Идентификатор авторитетной/нормативной записи | RU\NLR\AUTH\66780311 |
| 686 1# - ИНДЕКСЫ ДРУГИХ КЛАССИФИКАЦИЙ | |
| Индекс | Е78в65я9 |
| 686 1# - ИНДЕКСЫ ДРУГИХ КЛАССИФИКАЦИЙ | |
| Индекс | Е747я9 |
| 700 #1 - ИМЯ ЛИЦА - ПЕРВИЧНАЯ ОТВЕТСТВЕННОСТЬ | |
| Графика поля | Кириллица |
| Материалы, к которым относится поле | rus |
| Начальный элемент ввода | Азимов |
| Часть имени, кроме начального элемента ввода | А. |
| Даты | 1920-1992 |
| Расширение инициалов личного имени | Айзек |
| Системный номер авторитетной/нормативной записи | 113441 |
| Идентификатор авторитетной/нормативной записи | RU\NLR\AUTH\773445 |
| 701 #1 - ИМЯ ЛИЦА - АЛЬТЕРНАТИВНАЯ ОТВЕТСТВЕННОСТЬ | |
| Начальный элемент ввода | Бойд |
| Часть имени, кроме начального элемента ввода | У. К. |
| Даты | 1903- |
| Расширение инициалов личного имени | Уильям Клаузер |
| 790 #1 - ИМЯ ЛИЦА - АЛЬТЕРНАТИВНАЯ ФОРМА | |
| Графика поля | Латинская |
| Материалы, к которым относится поле | eng |
| Начальный элемент ввода | Asimov |
| Часть имени, кроме начального элемента ввода | I. |
| Даты | 1920-1992 |
| Расширение инициалов личного имени | Isaac |
| Системный номер авторитетной/нормативной записи | 3087 |
| Идентификатор авторитетной/нормативной записи | RU\NLR\AUTH\7720019 |
| 790 #1 - ИМЯ ЛИЦА - АЛЬТЕРНАТИВНАЯ ФОРМА | |
| Связь между полями | z01 |
| -- | z01510 |
| Начальный элемент ввода | Boyd |
| Часть имени, кроме начального элемента ввода | W. C. |
| Даты | 1903- |
| Расширение инициалов личного имени | William Clouser |
| 942 ## - ДОПОЛНИТЕЛЬНЫЕ ЭЛЕМЕНТЫ ЗАПИСИ (АБИС) | |
| Тип экземпляра АБИС | Книга |
| 980 ## - КОЛЛЕКЦИЯ | |
| Название коллекции | Национальная библиография |
Нет доступных экземпляров.